<?xml version="1.0" encoding="UTF-8"?>
<marc:record xmlns:marc="http://www.loc.gov/MARC21/slim">
   <marc:leader>00000nam a2200000 a 4500</marc:leader>
   <marc:datafield ind1="1" ind2=" " tag="100">
      <marc:subfield code="a">Macfarlane, Tamara</marc:subfield>
      <marc:subfield code="4">aut</marc:subfield>
      <marc:subfield code="e">Verfasser/-in</marc:subfield>
   </marc:datafield>
   <marc:datafield ind1=" " ind2=" " tag="653">
      <marc:subfield code="a">Antolin</marc:subfield>
   </marc:datafield>
   <marc:datafield ind1=" " ind2=" " tag="653">
      <marc:subfield code="a">Klasse-5</marc:subfield>
   </marc:datafield>
   <marc:datafield ind1="0" ind2="0" tag="245">
      <marc:subfield code="a">Die Geschichte der Magie</marc:subfield>
   </marc:datafield>
   <marc:datafield ind1="0" ind2="0" tag="245">
      <marc:subfield code="b">Von Hexen, Runen und Orakeln</marc:subfield>
   </marc:datafield>
   <marc:datafield ind1=" " ind2="1" tag="264">
      <marc:subfield code="b">DK</marc:subfield>
      <marc:subfield code="c">2024</marc:subfield>
   </marc:datafield>
   <marc:datafield ind1="1" ind2=" " tag="520">
      <marc:subfield code="a">Was ist ein Orakel? Was macht ein Alchemist? Mit märchenhaften Illustrationen führt dieses Buch durch die Geschichte der Magie. Es beschreibt sachlich , wie Menschen im Lauf der Jahrhunderte mit Legenden und Mythen umgegangen sind: Von Apothekern, die sich in der Heilkunde probierten, über rätselhafte Seeungeheuer bis zu unerklärlichen Naturereignissen. Ein mitreißendes Buch für Kinder ab 8 Jahren , das fantastischen Phänomenen, magischen Riten und ungelösten Rätseln auf den Grund geht. [Verlagstext]</marc:subfield>
   </marc:datafield>
   <marc:datafield ind1=" " ind2=" " tag="020">
      <marc:subfield code="a">9783831048700</marc:subfield>
      <marc:subfield code="9">9783831048700</marc:subfield>
   </marc:datafield>
</marc:record>
